01734cam a22003374i 4500003000900000005001700009008004100026035001900067040003300086082001700119100003700136245003400173264004000207300004100247336002100288337002500309338002300334505093700357526000901294526000901303526000901312526000901321526000901330526000901339526000801348526000801356526000801364526000801372526000801380526000801388PE-LiUPU20250731184548.0150625s r 000 0 d a(Sirsi) a32740 aPE-LiUPUbspacPE-LiUPUerda04a985bM582211 aZanutelli Rosas, Manuel,eautor.10aHistoria del siglo XVIII.n4. 1aLima Perú :bMilla Batres,c1993. a697 PG :bilustraciones,fotos,mapas. atext2rdacontent aunmediated2rdamedia avolume2rdacarrier0 aGobernantes del Perú. -Virrey Diego Ladrón de Guevara. -Gobierno del virrey Carmine Nicolás de Caracciolo. -Gobierno del virrey Fray Diego de Morcillo. -Gobierno del virrey José de Amendáriz Marquéz de Castellfuerte. -Gobierno del Virrey José Antonio de Mendoza, Marquéz de VillaGarcía. -Gobierno del virrey Antonio Manso de Velasco, Conde de Superunda. -Gobierno del virrey Manuel de Amat y Juniet. -Gobierno del virrey Manuel de Guirior. -gobierno del virrey Agustín Jáuregui. -Gobierno del virrey Teodoro de Croix. -Gobierno del virrey Francisco Gil de Taboada y Lemos. -Gobierno del virrey Ambrosio O'Higgins. -Gobierno del virrey Gabriel de Avil's. -Gobierno del virrey José Fernando de Abascal. -Siglo XVIII-Virreyes y reformas. -Arte virreynal del Perú(siglos XVI-XVIII). -Literatura Colonial peruana siglos XVI-XIX (1815). -Panorama de la economía colonial siglos XVII-XVIII. -Ciudades y puertos. aP136 aP135 aP134 aP133 aP144 aP143 aP87 aP35 aP20 aP14 aP10 aP06